| 000 | 00502nam a2200193 a 4500 | ||
|---|---|---|---|
| 001 | 1760698995195 | ||
| 003 | ACL | ||
| 005 | 20251017163642.0 | ||
| 008 | 251017s2008##################000#0#eng## | ||
| 020 | _a9780750683388 | ||
| 082 | 0 | 4 |
_a658.4560681 _bPHI |
| 100 | 1 |
_aPhillips, Jack J., _eauthor. |
|
| 245 | 1 | 0 | _aReturn on Investment in Meetings and Events : |
| 260 |
_bRoutledge, _c2008. |
||
| 300 | _a303 pages | ||
| 650 | 0 | _aBusiness & Economics. | |
| 942 | _cENGLISH | ||
| 040 |
_aACL _beng _cACL |
||
| 999 |
_c592151 _d592151 |
||